00675nam a2200145 i 450000100060000000300090000600500170001500700030003200800410003510000230007624503360009926000500043530000210048585200230050640602ES-MaACL20230906160252.0t|030306s1930 sp ||||1| cat d1 aCarreras Valls, R.13aEl Catalá XPO Ferrens Colom de Terra Rubra, descobridor d'America /cconferencia donada per R. Carreras Valls a l'ateneu de Tortosa el 1 de Desembre de 1929, traduïda al Castellá, Frencés, Italiá, Anglés y Aleimany, seguida d'un index cronologie de documents per a la Biografia del Descobridor fins a 5 de maig de 1847. aBarcelona : b[s.n., c1930] (fImp. Altés) a97 p. ; c25 cm. aES-MaACLj1738-F-3